<?xml version="1.0" encoding="UTF-8"?>
<collection xmlns="http://www.loc.gov/MARC21/slim">
 <record>
  <leader>00595nam a22001935a 4500</leader>
  <controlfield tag="001">EUN.um051195</controlfield>
  <controlfield tag="003">AR-BaUNS</controlfield>
  <controlfield tag="005">20050623122918.0</controlfield>
  <controlfield tag="008">041125s1982####xxua##########000#0#eng#d</controlfield>
  <datafield tag="245" ind1="1" ind2="0">
   <subfield code="a">Analog integrated circuit design /</subfield>
   <subfield code="c">Alan B. Grebene.</subfield>
  </datafield>
  <datafield tag="260" ind1=" " ind2=" ">
   <subfield code="a">Malabar :</subfield>
   <subfield code="b">Robert E. Krieger,</subfield>
   <subfield code="c">1982.</subfield>
  </datafield>
  <datafield tag="300" ind1=" " ind2=" ">
   <subfield code="a">401 p. :</subfield>
   <subfield code="b">ilus. ;</subfield>
   <subfield code="c">23,5 cm. .</subfield>
  </datafield>
  <datafield tag="490" ind1="0" ind2=" ">
   <subfield code="a">Microelectronics Series</subfield>
  </datafield>
  <datafield tag="020" ind1=" " ind2=" ">
   <subfield code="a">0882757105</subfield>
  </datafield>
  <datafield tag="100" ind1="1" ind2=" ">
   <subfield code="a">Grebene, Alan B.</subfield>
  </datafield>
  <datafield tag="082" ind1="0" ind2="4">
   <subfield code="a">621.3819</subfield>
  </datafield>
  <datafield tag="653" ind1=" " ind2=" ">
   <subfield code="a">Microelectronica</subfield>
  </datafield>
  <datafield tag="653" ind1=" " ind2=" ">
   <subfield code="a">Circuitos integrados</subfield>
  </datafield>
  <datafield tag="859" ind1=" " ind2=" ">
   <subfield code="a">Ar-BaUNS</subfield>
   <subfield code="b">BIB. CENTRAL - Sector A</subfield>
   <subfield code="h">621.3819</subfield>
   <subfield code="i">G798</subfield>
   <subfield code="p">104661/995</subfield>
  </datafield>
 </record>
</collection>
